Wird geladen...

The psychology of Darśana mālā /

Bibliographische Detailangaben
1. Verfasser: Nityacaitanya Yati
Weitere Verfasser: Narayana Guru
Format: Printed Book
Sprache:English
Veröffentlicht: Varkala : Gurukula Pub. House, 1987.
Schlagworte:
LEADER 01254cam a2200301 a 4500
008 900209s1987 ii b 001 0 eng
010 |a  89906042  
020 |c Rs150.00 
025 |a I E 57011 
082 |a 181.4821 
100 0 |a Nityacaitanya Yati, 
245 1 4 |a The psychology of Darśana mālā /  |c Nitya Chaitanya Yati. 
260 |a Varkala :  |b Gurukula Pub. House,  |c 1987. 
300 |a xvi, 495 p. ;  |c 23 cm. 
500 |a Includes text in Sanskrit (Devanagari and roman); translation in English. 
500 |a Spine title: The psychology of Darśanamālā. 
500 |a Exposition, with text, of Darśanamālā by Narayana Guru, 1856-1928, a verse work on the Advaita philosophy. 
504 |a Includes bibliographical references (p. [477]-479) 
650 0 |a Vedanta. 
650 0 |a Psychology. 
700 0 2 |a Narayana Guru, 
942 |2 ddc  |c BK 
600 0 0 |a Narayana Guru,  |d 1865-1928.  |t Darśanamālā. 
740 0 |a Psychology of Darśanamālā. 
906 |a 7  |b cbc  |c orignew  |d 3  |e ncip  |f 19  |g y-gencatlg 
955 |a wd00; hr05 03-20-90; hr06 04-30-90 
999 |c 250740  |d 250740 
952 |0 0  |1 0  |4 0  |6 181_000000000000000_4821_NIT_P  |7 0  |9 279140  |a SAN  |b SAN  |c ST1  |d 2017-01-25  |g 480.00  |i 10922  |l 0  |o 181.4821, NIT/P  |p SAN10922  |r 2017-01-25  |w 2017-01-25  |y BK